Southville International School and Colleges
Your cart is empty.
  • Cart
  • Lists
    Public lists Eva Luna New books Lux_list list_1
    Your lists Log in to create your own lists
  • Log in to your account
  • Your cookies
  • Search history
Southville International School and Colleges
  • Advanced search
  • Recent comments
  • Most popular
  • Libraries

Log in to your account

Log in with GOOGLE


If you do not have an external account, but do have a local account, you can still log in:

  1. Home
  2. MARC view: Jack and the beanstalk /
Normal view MARC view ISBD view

Jack and the beanstalk / (Record no. 368541)

[ view plain ]
MARC details
000 -LEADER
fixed length control field 01261nam a22002777a 4500
003 - CONTROL NUMBER IDENTIFIER
control field 0
005 - DATE AND TIME OF LATEST TRANSACTION
control field 20251108112632.0
008 - FIXED-LENGTH DATA ELEMENTS--GENERAL INFORMATION
fixed length control field 251108b xxu||||| |||| 00| 0 eng d
020 ## - INTERNATIONAL STANDARD BOOK NUMBER
International Standard Book Number 978-0-241-28397-4
050 ## - LIBRARY OF CONGRESS CALL NUMBER
Classification number PE 1128.D44
Item number .J33 2023
100 ## - MAIN ENTRY--PERSONAL NAME
Personal name Degnan-Veness, Coleen,
Relator term adapter.
245 ## - TITLE STATEMENT
Title Jack and the beanstalk /
Statement of responsibility, etc text adapted by Coleen Degnan-Veness ; illustrated by Laura Barella ; song lyrics by Pippa Mayfield.
246 ## - VARYING FORM OF TITLE
Title proper/short title Ladybird Readers Level 3 Jack and the beanstalk
250 ## - EDITION STATEMENT
Edition statement Level 3.
260 ## - PUBLICATION, DISTRIBUTION, ETC. (IMPRINT)
Place of publication, distribution, etc London :
Name of publisher, distributor, etc Penguin Random House UK,
Date of publication, distribution, etc 2023.
300 ## - PHYSICAL DESCRIPTION
Extent 63 pages :
Other physical details color illustrations, music ;
Dimensions 23 cm.
490 ## - SERIES STATEMENT
Series statement Ladybird Readers ;
Volume number/sequential designation Level 3
500 ## - GENERAL NOTE
General note Adapted from the traditional English folk tale.<br/>Includes reading comprehension activities and a song.
520 ## - SUMMARY, ETC.
Summary, etc A simplified retelling of the folktale about Jack, a poor boy who trades his cow for magic beans that grow into a giant beanstalk leading to an adventure in the clouds.
650 ## - SUBJECT ADDED ENTRY--TOPICAL TERM
Topical term or geographic name as entry element Readers (Elementary)
Form subdivision Texts.
650 ## - SUBJECT ADDED ENTRY--TOPICAL TERM
Topical term or geographic name as entry element English language
General subdivision Study and teaching
Form subdivision Readers.
650 ## - SUBJECT ADDED ENTRY--TOPICAL TERM
Topical term or geographic name as entry element Folklore
Form subdivision Adaptations
-- Juvenile literature.
700 ## - ADDED ENTRY--PERSONAL NAME
Personal name Barella, Laura,
Relator term illustrator.
700 ## - ADDED ENTRY--PERSONAL NAME
Personal name Mayfield, Pippa,
Relator term lyricist.
942 ## - ADDED ENTRY ELEMENTS (KOHA)
Source of classification or shelving scheme Library of Congress Classification
Koha item type Books
Holdings
Withdrawn status Lost status Source of classification or shelving scheme Damaged status Home library Current library Shelving location Date acquired Source of acquisition Sub Shelving location Total Checkouts Full call number Barcode Date last seen Date checked out Price effective from Koha item type
    Library of Congress Classification   Luxembourg Library Luxembourg Library Teachers Reference Section 11/19/2024 Library Fund   1 PE 1128.D44 .J33 2023 21342 11/08/2025 11/08/2025 11/08/2025 Books

Jack and the beanstalk /

APA

Degnan-Veness C., Barella L. & Mayfield P. (2023). Jack and the beanstalk. London: Penguin Random House UK.

Chicago

Degnan-Veness Coleen, Barella Laura and Mayfield Pippa. 2023. Jack and the beanstalk. London: Penguin Random House UK.

Harvard

Degnan-Veness C., Barella L. and Mayfield P. (2023). Jack and the beanstalk. London: Penguin Random House UK.

MLA

Degnan-Veness Coleen, Barella Laura and Mayfield Pippa. Jack and the beanstalk. London: Penguin Random House UK. 2023.

  • Place hold
  • Print
  • Cite
  • Add to your cart (remove)
  • Save record
    BIBTEX Dublin Core MARCXML MARC (non-Unicode/MARC-8) MARC (Unicode/UTF-8) MARC (Unicode/UTF-8, Standard) MODS (XML) RIS
  • More searches
    Search for this title in:
    Other Libraries (WorldCat) Other Databases (Google Scholar) Online Stores (Bookfinder.com) Open Library (openlibrary.org)

Exporting to Dublin Core...

SOUTHVILLE LIBRARY

Southville International School and Colleges Library

1281 Tropical Ave. Cor. Luxembourg St., BF Homes International, Las Pinas City

Tel. No. 8256374 / 252358 Loc. 117/146

Powered by Koha